|
|
|
|
| LEADER |
00000cam a2200000 7i4500 |
| 001 |
0000014571 |
| 005 |
20080304.0 |
| 008 |
080304 |
| 020 |
|
|
|a 9832473829
|
| 090 |
0 |
0 |
|a 658.4093
|b BOO
|
| 100 |
0 |
|
|a Booth, Angela
|
| 245 |
1 |
0 |
|a Pengurusan masa lebih berkesan dalam 21 hari
|c Angela Booth; penterjemah Norzaiha Ahmad Norhan
|
| 260 |
|
|
|a Selangor :
|b Prentice Hall ,
|c 2003
|
| 650 |
|
0 |
|a Creative thinking
|
| 650 |
|
0 |
|a Time management
|
| 700 |
0 |
|
|a Norzaiha Ahmad Norhan
|
| 999 |
|
|
|a 0001014733
|b Book
|c Adult Collection
|e Cawangan Urban Transformation Centre
|
| 999 |
|
|
|a 0001014734
|b Book
|c Adult Collection
|e Perbadanan Perpustakaan Awam Johor
|
| 999 |
|
|
|a 0001014735
|b Book
|c Adult Collection
|e Perbadanan Perpustakaan Awam Johor
|